Statistiken für Stadtteile von Duisburg

Klicken Sie hier um das Quiz zu spielen!

Allgemein

  • Dieses Quiz wurde 193 mal gespielt
  • Das Durchschnittsergebnis liegt bei 21 aus 46

Antwortstatistiken

Antwort% Korrekt
Mittelmeiderich
89%
Obermeiderich
89%
Untermeiderich
89%
Marxloh
85%
Alt-Hamborn
71%
Rheinhausen-Mitte
71%
Duissern
67%
Neudorf-Nord
67%
Neudorf-Süd
67%
Alt-Walsum
61%
Großenbaum
61%
Wedau
61%
Hochfeld
60%
Ruhrort
60%
Beeck
56%
Buchholz
56%
Wanheim-Angerhausen
56%
Alt-Homberg
53%
Wanheimerort
50%
Rahm
49%
Huckingen
47%
Rumeln-Kaldenhausen
39%
Baerl
38%
Friemersheim
36%
Röttgersbach
36%
Bissingheim
35%
Dellviertel
35%
Mündelheim
35%
Altstadt
34%
Kaßlerfeld
33%
Neumühl
33%
Fahrn
32%
Hüttenheim
32%
Laar
32%
Vierlinden
31%
Beeckerwerth
30%
Obermarxloh
30%
Bruckhausen
29%
Neuenkamp
26%
Hochheide
25%
Bergheim
23%
Ungelsheim
22%
Aldenrade
21%
Hochemmerich
21%
Wehofen
21%
Overbruch
20%

Verteilung der Resultate

Perzentil nach korrekt beantworteten Fragen

Anzahl Personen mit jedem Resultat

Ihre Resultats-Entwicklung

Sie haben dieses Quiz noch nicht gespielt